UBT Library

Religion Science and Mental Health (Record no. 49463)

000 -LEADER
fixed length control field 00271nam a22001217a 4500
008 - FIXED-LENGTH DATA ELEMENTS--GENERAL INFORMATION
fixed length control field 181011b xxu||||| |||| 00| 0 eng d
041 ## - LANGUAGE CODE
Language code of text/sound track or separate title eng
080 ## - UNIVERSAL DECIMAL CLASSIFICATION NUMBER
Universal Decimal Classification number 201
100 ## - Rafti
Rafti 24
101 ## - Shkurtesa
Shkurtesa TEO
245 ## - TITLE STATEMENT
Title Religion Science and Mental Health
Statement of responsibility, etc Macy, J
942 ## - ADDED ENTRY ELEMENTS (KOHA)
Source of classification or shelving scheme
Item type Books
Holdings
Withdrawn status Lost status Source of classification or shelving scheme Damaged status Not for loan Collection code Permanent location Current location Shelving location Date acquired Total Checkouts Full call number Barcode Date last seen Price effective from Koha item type
          Koleksioni i përgjithshem UBT - Lipjan UBT - Lipjan Koleksioni i përgjithshem 10/11/2018   201 MAC 002-3015000 10/11/2018 10/11/2018 Books
UBT Library © 2015-2024. All rights reserved University Education for Business and Technology